000 00198 a2200097 4500
001 4104
100 _aDusen,H.P.V
245 _aDag hammarkjold
260 _a
_bFaberr faber
_c
090 _c3322
_d3322
942 _aNUST-CAE
_cM
_c25803
999 _c239177
_d239177